| 000 | 00793nam a22002777a 4500 | ||
|---|---|---|---|
| 001 | 0007288 | ||
| 003 | KOHA_MİRAKIL | ||
| 005 | 20260207001552.0 | ||
| 007 | ta | ||
| 008 | 090916b tu |||gr||||#0|||0|tur | | ||
| 040 |
_aTR-BiSEU _btur _cTR-BiSEU _erda |
||
| 041 | 0 | _atur | |
| 044 | _ctu | ||
| 050 |
_aDR726 _b.K87 [t.y.] |
||
| 111 | 2 |
_aküresel şehirler yarışında İstanbul _918113 |
|
| 245 | 1 |
_aPendik toplantıları 3 / _cKoordinatör Kemal Çamurcu. |
|
| 264 | 1 |
_aİstanbul : _bPendik Belediyesi Yayınlar. _c[t.y.] |
|
| 300 | _a58 sayfa | ||
| 336 |
_ametin _btxt _2rdacontent |
||
| 337 |
_aaracısız _bn _2rdamedia |
||
| 338 |
_acilt _bnc _2rdacarrier |
||
| 650 | 0 |
_aIstanbul (Turkey). _918114 |
|
| 650 | 0 |
_aİstanbul (Türkiye). _918115 |
|
| 907 | _aTarih | ||
| 942 |
_2lcc _cBK |
||
| 999 |
_c7267 _d7267 |
||